| 000 | 00474nam a2200181Ia 4500 | ||
|---|---|---|---|
| 008 | 240925s9999 xx 000 0 und d | ||
| 020 | _a053801881x | ||
| 082 | _a657.4 USR | ||
| 100 | _aUsry , Milton F | ||
| 245 | 0 | _aCost Accounting: planning and control | |
| 250 | _a9th | ||
| 260 |
_aCincinnati: _bSouth Western Publishig _c,1988. |
||
| 300 |
_axiii,263p. _bN.A _fOriginal |
||
| 500 | _aIncludes Index | ||
| 600 | _aManagement | ||
| 650 | _aAccounting | ||
| 942 | _cBK | ||
| 999 |
_c11250 _d11250 |
||